00308nam a2200097Ia 4500008004000000082001600040100002000056245008100076260004500157300000800202210210b1978 xxu||||| |||| 00| 0 eng d a307.72 HERR aHEREDERO (J M). aRural development and social change: an experiment in non-formal education. aNew Delhi.bManohar Publications.,c1978 a187